Every Song by Wolf & Bear - Statistics

General Stats
  • This quiz has been taken 3 times
  • The average score is 10 of 31
Answer Stats
Album Song % Correct
Everything Is Going Grey(2017) Greyblood
100%
Non-Album(2020) Monstro
100%
Non-Album(2015) Oil Cup
100%
Bloodletter(2023) QUICK SIP 84
100%
Everything Is Going Grey(2017) Armillaria Mellea
50%
Bloodletter(2023) BELLADONNA
50%
Everything Is Going Grey(2017) Catch and Release
50%
Bloodletter(2023) COUNTING CARDS
50%
Bloodletter(2023) DREAM SNATCHER
50%
Everything Is Going Grey(2017) Everything Is Going Grey
50%
Bloodletter(2023) K. RESORT
50%
EP(2019) Scorched Shore
50%
Non-Album(2020) Street Rat
50%
Everything Is Going Grey(2017) Tenere Acacia
50%
Bloodletter(2023) THERE'S NO DUST IN THE CITY
50%
Everything Is Going Grey(2017) Twisted Tongues
50%
Everything Is Going Grey(2017) Balcony
0%
Bloodletter(2023) BONSAI. B
0%
Bloodletter(2023) CHAD B. KANG
0%
Everything Is Going Grey(2017) Dead Life
0%
EP(2019) Deleto
0%
Wolf & Bear X Adventurer(2016) Different Fires
0%
Bloodletter(2023) FOOL'S GOLD
0%
Bloodletter(2023) INDIGO
0%
EP(2019) Lifeguard
0%
Bloodletter(2023) PAINTED LADY
0%
Bloodletter(2023) POOFY
0%
EP(2019) Red Hen
0%
Wolf & Bear X Adventurer(2016) Restore
0%
Non-Album(2015) Sight
0%
Everything Is Going Grey(2017) War Paint
0%
No matching quizzes found
Score Distribution
Percent of People with Each Score
Percentile by Number Answered
Your Score History
You have not taken this quiz